| 000 | 01167cam a22002533a 4500 | ||
|---|---|---|---|
| 001 | 19645 | ||
| 003 | PGUSA | ||
| 005 | 20140828083421.0 | ||
| 008 | 061027s2006||||xxu|||||s|||||000 e eng d | ||
| 040 |
_aPGUSA _beng |
||
| 042 | _adc | ||
| 050 | 4 | _aPS | |
| 100 | 1 |
_aMabie, Hamilton Wright, _d1846-1916 |
|
| 245 | 1 | 0 |
_aUnder the Trees and Elsewhere _h[electronic resource] / _cHamilton Wright Mabie |
| 260 |
_bProject Gutenberg, _c2006 |
||
| 505 | 0 | _aAn April day -- Under the apple boughs -- Along the road: I -- Along the road: II -- The open fields -- Earth and sky -- The mystery of night -- Off shore -- A mountain rivulet -- The earliest insights -- The heart of the woods -- Beside the river -- At the spring -- On the heights -- Under college elms -- A summer morning -- A summer noon -- Eventide -- The turn of the tide -- A memory of summer -- In the Forest of Arden, I-XI -- An undiscovered island, I-VI. | |
| 506 | _aPublic domain in the USA. | ||
| 516 | _aElectronic text | ||
| 653 | _aEssays | ||
| 653 | _aNatural history -- Outdoor books | ||
| 830 | 0 |
_aProject Gutenberg _v19645 |
|
| 856 | 4 | 0 | _uhttp://www.gutenberg.org/ebooks/19645 |
| 942 | _cEB | ||
| 999 |
_c248900 _d248900 |
||